000 00469nam a2200181Ia 4500
003 GCL
008 140319s9999 xx 000 0 eng d
040 _aGCL /
_cGCL
082 0 4 _a792.028
_bM C
100 1 _aMARLOW, JEAN
245 1 0 _aCLASSICAL AUDITION SPEECHES FOR MEN /
_cMARLOW, JEAN
260 _a[S.N] :
_bA AND C BLACK LIMITED ،
_c1996
300 _a133 P
650 0 4 _aTHEATER
650 0 4 _aACTING - PERFORMANCE
650 0 4 _aAUDITION
942 _2ddc
_cBK
999 _c16163
_d16163